Pokédex d'Alola (Ultra-Soleil et Ultra-Lune) - Statistiques

Statistiques générales
  • Ce quiz a été pris 65 fois
  • Le résultat moyen est 209 sur 403
Statistiques - réponses
Numéro Pokémon % Correct
002 Efflèche
95%
006 Félinferno
95%
004 Flamiaou
95%
390 Lunala
95%
005 Matoufeu
95%
400 Necrozma
95%
015 Rattata d'Alola
95%
389 Solgaleo
95%
003 Archéduc
89%
001 Brindibou
89%
127 Lougaroc
89%
007 Otaquin
89%
031 Pichu
89%
032 Pikachu
89%
033 Raichu d'Alola
89%
016 Rattatac d'Alola
89%
126 Rocabot
89%
017 Chenipan
84%
387 Cosmog
84%
034 Larvibule
84%
009 Oratoria
84%
019 Papilusion
84%
014 Argouste
79%
396 Câblifère
79%
018 Chrysacier
79%
388 Cosmovum
79%
398 Katagami
79%
117 Machoc
79%
119 Mackogneur
79%
013 Manglouton
79%
394 Mouscoto
79%
097 Plumeline
79%
383 Tokorico
79%
385 Tokotoro
79%
028 Zorua
79%
397 Bamboiselle
74%
153 Évoli
74%
036 Lucanon
74%
118 Machopeur
74%
315 Mimiqui
74%
197 Osselait
74%
115 Otaria
74%
008 Otarlette
74%
170 Tauros
74%
386 Tokopisco
74%
384 Tokopiyon
74%
259 Type: 0
74%
403 Zeraora
74%
391 Zéroïd
74%
029 Zoroark
74%
392 Ama-Ama
68%
154 Aquali
68%
012 Bazoucan
68%
166 Bourrinos
68%
395 Cancrelove
68%
075 Ectoplasma
68%
073 Fantominus
68%
330 Goupix d'Alola
68%
378 Lucario
68%
402 Marshadow
68%
081 Nosferalto
68%
198 Ossatueur d'Alola
68%
010 Picassaut
68%
156 Pyroli
68%
260 Silvallié
68%
074 Spectrum
68%
323 Stalgamin
68%
261 Vémini
68%
155 Voltali
68%
065 Arcanin
63%
064 Caninos
63%
345 Carvanha
63%
035 Chrysapile
63%
380 Draco
63%
363 Ékaïser
63%
399 Engloutyran
63%
331 Feunard d'Alola
63%
177 Floramantis
63%
133 Froussardine
63%
160 Givrali
63%
199 Kangourex
63%
353 Lokhlass
63%
401 Magearna
63%
111 Magicarpe
63%
152 Mastouffe
63%
157 Mentali
63%
158 Noctali
63%
080 Nosferapti
63%
082 Nostenfer
63%
161 Nymphali
63%
324 Oniglali
63%
159 Phyllali
63%
087 Piafabec
63%
011 Piclairon
63%
393 Pierroteknik
63%
377 Riolu
63%
168 Rondoudou
63%
346 Sharpedo
63%
085 Taupiqueur d'Alola
63%
165 Tiboudet
63%
292 Togedemaru
63%
086 Triopikeur d'Alola
63%
136 Vorastérie
63%
048 Bekipan
58%
250 Brocélôme
58%
096 Brutalibré
58%
135 Corayon
58%
071 Crabagarre
58%
072 Crabominable
58%
207 Croquine
58%
251 Desséliande
58%
381 Dracolosse
58%
171 Écrémeuh
58%
247 Embrylex
58%
100 Flabébé
58%
045 Flagadoss
58%
089 Furaiglon
58%
047 Goélise
58%
042 Goinfrex
58%
169 Grodoudou
58%
058 Grotadmorv d'Alola
58%
090 Gueriaigle
58%
210 Guérilande
58%
116 Lamantine
58%
041 Leuphorie
58%
040 Leveinard
58%
112 Léviator
58%
054 Magnéti
58%
055 Magnéton
58%
262 Mandrillon
58%
271 Métamorph
58%
277 Météno
58%
176 Mimantis
58%
379 Minidraco
58%
356 Noadkoko d'Alola
58%
151 Ponchien
58%
150 Ponchiot
58%
137 Prédastérie
58%
182 Ptitard
58%
044 Ramoloss
58%
088 Rapasdepic
58%
046 Roigada
58%
043 Ronflex
58%
057 Tadmorv d'Alola
58%
184 Tartard
58%
124 Ténéfix
58%
183 Têtarte
58%
195 Tritox
58%
249 Tyranocif
58%
248 Ymphect
58%
061 Abo
53%
049 Abra
53%
051 Alakazam
53%
233 Anorith
53%
062 Arbok
53%
145 Babimanta
53%
225 Bacabouh
53%
361 Bébécaille
53%
098 Bombydou
53%
208 Candine
53%
309 Carchacrok
53%
308 Carmache
53%
206 Chelours
53%
291 Dedenne
53%
146 Démanta
53%
320 Denticrisse
53%
321 Draïeul
53%
149 Drattak
53%
293 Dynavolt
53%
362 Écaid
53%
294 Élecsprint
53%
297 Élekable
53%
295 Élekid
53%
296 Élektek
53%
372 Feuforêve
53%
101 Floette
53%
215 Gouroutan
53%
299 Gravalanch d'Alola
53%
307 Griknot
53%
300 Grolem d'Alola
53%
202 Maganon
53%
200 Magby
53%
373 Magirêve
53%
201 Magmar
53%
056 Magnézone
53%
196 Malamandre
53%
037 Manzaï
53%
272 Mélo
53%
274 Mélodelfe
53%
273 Mélofée
53%
052 Miaouss d'Alola
53%
325 Momartik
53%
355 Noeunoeuf
53%
205 Nounourson
53%
053 Persian d'Alola
53%
382 Ptéra
53%
039 Ptiravi
53%
298 Racaillou d'Alola
53%
099 Rubombelle
53%
328 Sabelette d'Alola
53%
329 Sablaireau d'Alola
53%
222 Sarmuraï
53%
038 Simularbre
53%
221 Sovkipou
53%
209 Sucreine
53%
175 Tarenbulle
53%
167 Toudoudou
53%
226 Trépassable
53%
351 Wailmer
53%
352 Wailord
53%
322 Absol
47%
228 Amonistar
47%
227 Amonita
47%
172 Arakdo
47%
174 Araqua
47%
234 Armaldo
47%
238 Bastiodon
47%
288 Boumata
47%
241 Carapagos
47%
103 Chlorobule
47%
256 Concombaffe
47%
079 Corboss
47%
078 Cornèbre
47%
290 Démolosse
47%
327 Dimoret
47%
237 Dinoclier
47%
147 Draby
47%
148 Drackhaus
47%
364 Emolga
47%
326 Farfuret
47%
102 Florges
47%
104 Fragilady
47%
229 Kabuto
47%
230 Kabutops
47%
050 Kadabra
47%
304 Kraknoix
47%
235 Kranidos
47%
348 Kravarech
47%
306 Libégon
47%
231 Lilia
47%
289 Malosse
47%
301 Mascaïman
47%
173 Maskadra
47%
242 Mégapagos
47%
060 M.Mime
47%
220 Morphéo
47%
125 Mysdibule
47%
144 Octillery
47%
243 Ptyranidur
47%
216 Quartermac
47%
070 Queulorior
47%
143 Rémoraid
47%
244 Rexillius
47%
026 Sepiatop
47%
027 Sepiatroce
47%
344 Sinistrail
47%
128 Spinda
47%
232 Vacilys
47%
092 Vaututrice
47%
347 Venalgue
47%
305 Vibraninf
47%
091 Vostourno
47%
270 Airmure
42%
245 Amagara
42%
239 Arkéapti
42%
114 Barbicha
42%
113 Barloche
42%
189 Barpau
42%
317 Branette
42%
236 Charkos
42%
094 Colossinge
42%
020 Coxy
42%
021 Coxyclaque
42%
303 Crocorible
42%
139 Crustabri
42%
105 Doudouvet
42%
246 Dragmara
42%
131 Écayon
42%
302 Escroco
42%
106 Farfaduvet
42%
349 Flingouste
42%
350 Gamblast
42%
121 Géolithe
42%
122 Gigalithe
42%
069 Hariyama
42%
214 Kecleon
42%
138 Kokiyas
42%
025 Lockpin
42%
132 Luminéon
42%
068 Makuhita
42%
280 Métalosse
42%
279 Métang
42%
190 Milobellus
42%
059 Mime Jr.
42%
120 Nodulithe
42%
316 Polichombr
42%
281 Porygon
42%
282 Porygon 2
42%
283 Porygon-Z
42%
066 Soporifik
42%
223 Stari
42%
224 Staross
42%
185 Tarpaud
42%
129 Tentacool
42%
130 Tentacruel
42%
278 Terhal
42%
240 Aéroptéryx
37%
108 Akwakwak
37%
193 Braisillon
37%
095 Cadoizo
37%
287 Chartor
37%
366 Cizayox
37%
218 Colimucus
37%
140 Coquiperl
37%
030 Couafarel
37%
286 Dodoala
37%
093 Férosinge
37%
194 Flambusard
37%
313 Golemastoc
37%
312 Gringolem
37%
370 Hélionceau
37%
212 Hoothoot
37%
067 Hypnomade
37%
365 Insécateur
37%
063 Insolourdo
37%
163 Lainergie
37%
179 Lampignon
37%
024 Laporeille
37%
109 Lippouti
37%
110 Lippoutou
37%
134 Lovdisc
37%
023 Migalos
37%
022 Mimigal
37%
217 Mucuscule
37%
219 Muplodocus
37%
252 Natu
37%
213 Noarfang
37%
180 Paras
37%
181 Parasect
37%
192 Passerouge
37%
164 Pharamp
37%
107 Psykokwak
37%
343 Relicanth
37%
142 Rosabyss
37%
211 Scarabrute
37%
141 Serpang
37%
178 Spododo
37%
123 Strassie
37%
354 Tropius
37%
314 Trousselin
37%
162 Wattouat
37%
253 Xatu
37%
310 Balbuto
32%
076 Baudrive
32%
084 Bruyverne
32%
369 Capidextre
32%
368 Capumain
32%
376 Coudlangue
32%
374 Drakkarmin
32%
375 Excelangue
32%
269 Foretress
32%
077 Grodrive
32%
311 Kaorine
32%
191 Mamanbo
32%
264 Miamiasme
32%
265 Miasmax
32%
319 Moyade
32%
371 Némélios
32%
285 Pandarbare
32%
284 Pandespiègle
32%
268 Pomdepik
32%
204 Pyrax
32%
341 Sancoki mer Orient
32%
337 Scalpion
32%
338 Scalproie
32%
367 Scarhino
32%
083 Sonistrelle
32%
342 Tritosor mer Orient
32%
318 Viskuse
32%
188 Bargantua
26%
266 Chinchidou
26%
358 Colhomard
26%
357 Écrapince
26%
359 Kungfouine
26%
258 Lanturn
26%
275 Lewsor
26%
257 Loupio
26%
276 Neitram
26%
267 Pashmilla
26%
186 Poissirène
26%
187 Poissoroy
26%
203 Pyronille
26%
360 Shaofouine
26%
332 Sorbébé
26%
334 Sorbouboul
26%
333 Sorboul
26%
254 Tarinor
26%
255 Tarinorme
26%
263 Zygarde
26%
336 Baggaïd
21%
335 Baggiguane
21%
340 Granbull
21%
339 Snubbull
21%
Aucun quiz correspondant
Distribution des résultats
% des personnes avec chaque résultat
Percentile par nombre de réponses
Votre historique - résultats
Vous n’avez pas pris ce quiz